Active Pharmaceutical Ingredients : Development, Manufacturing, And Regulation (Record no. 74370)

MARC details
000 -LEADER
fixed length control field 00447pam a2200157 a 4500
020 ## - INTERNATIONAL STANDARD BOOK NUMBER
International Standard Book Number 9781439803363
Terms of availability
041 ## - LANGUAGE CODE
Language code of original
082 ## - DEWEY DECIMAL CLASSIFICATION NUMBER
Classification number 615.191
Item number NUS
100 ## - MAIN ENTRY--PERSONAL NAME
Personal name Nusim, Stanley N.
245 ## - TITLE STATEMENT
Title Active Pharmaceutical Ingredients : Development, Manufacturing, And Regulation
Medium Textual Documents
250 ## - EDITION STATEMENT
Edition statement 2nd ed.
260 ## - PUBLICATION, DISTRIBUTION, ETC.
Place of publication, distribution, etc. London
Name of publisher, distributor, etc. Informa Healthcare
300 ## - PHYSICAL DESCRIPTION
Extent 433.
653 ## - INDEX TERM--UNCONTROLLED
Uncontrolled term Pharmaceutics(Manufacture & Preparation)
930 ## - EQUIVALENCE OR CROSS-REFERENCE-UNIFORM TITLE HEADING [LOCAL, CANADA]
Uniform title 1072
Holdings
Withdrawn status Lost status Damaged status Not for loan Collection Home library Current library Date acquired Source of acquisition Cost, normal purchase price Total Checkouts Full call number Barcode Date last seen Copy number Price effective from Koha item type
          Poona College of Pharmacy, Pune Poona College of Pharmacy, Pune 27/08/2013 Sai Book Centre 3326.63   615.191 NUS PCP-PHRD-3368 24/02/2023 8 24/02/2023 Book
          Poona College of Pharmacy, Pune Poona College of Pharmacy, Pune 27/08/2013 Sai Book Centre 3326.63   615.191 NUS PCP-PHRD-3367 24/02/2023 7 24/02/2023 Book
          Poona College of Pharmacy, Pune Poona College of Pharmacy, Pune 27/08/2013 Sai Book Centre 3326.63   615.191 NUS PCP-PHRD-3366 24/02/2023 6 24/02/2023 Book
          Poona College of Pharmacy, Pune Poona College of Pharmacy, Pune 27/08/2013 Sai Book Centre 3326.63   615.191 NUS PCP-PHRD-3365 24/02/2023 5 24/02/2023 Book
          Poona College of Pharmacy, Pune Poona College of Pharmacy, Pune 27/08/2013 Sai Book Centre 3326.63   615.191 NUS PCP-PHRD-3364 24/02/2023 4 24/02/2023 Book
          Poona College of Pharmacy, Pune Poona College of Pharmacy, Pune 27/08/2013 Sai Book Centre 3326.63   615.191 NUS PCP-PHRD-3363 24/02/2023 3 24/02/2023 Book
          Poona College of Pharmacy, Pune Poona College of Pharmacy, Pune 27/08/2013 Sai Book Centre 3326.63   615.191 NUS PCP-PHRD-3362 24/02/2023 2 24/02/2023 Book
          Poona College of Pharmacy, Pune Poona College of Pharmacy, Pune 27/08/2013 Sai Book Centre 3326.63   615.191 NUS PCP-PHRD-3361 24/02/2023 1 24/02/2023 Book